Wordstar training guide
| Format: | Book |
|---|---|
| Published: |
San Rafael, Ca. :
MicroPro International Corp. ,
1981
|
| Series: | Sybex prompter series
|
| Subjects: |
MARC
| LEADER | 00000cam a2200000 7i4500 | ||
|---|---|---|---|
| 001 | 0000009383 | ||
| 005 | 20161123.0 | ||
| 040 | |a INS | ||
| 090 | 0 | 0 | |a QA76.73.W67 |b W67 1981 |
| 245 | 0 | 0 | |a Wordstar training guide |
| 260 | |a San Rafael, Ca. : |b MicroPro International Corp. , |c 1981 | ||
| 300 | |a v p. ; |c 19cm. | ||
| 440 | 0 | |a Sybex prompter series | |
| 500 | |a for version 4 & 5 | ||
| 650 | 0 | 0 | |a Computers |
| 650 | 0 | 0 | |a Wordstar (Computer program) |
| 999 | |a 0000022688 |b BOOK |c Open Shelf |e Default branch | ||